000 00411nam a2200145Ia 4500
008 230312s9999||||xx |||||||||||||| ||und||
020 _a9781617292545
082 _a005.276
_bWAL-S
100 _aIssott,Adrian
245 0 _aCommon design patterns for Symbian OS : the foundations of smartphone software
260 _bManning
_aUSA
_c2016
300 _a248
650 _aComputer
_vElectronic books
942 _cBK
999 _c17951
_d17951